Statystyki dla Wszyscy skoczkowie narciarscy z rekordem życiowym ponad 200 metrów

Kliknij tutaj aby rozwiązać quiz!

Ogólne statystyki

  • Ten quiz został rozwiązany 40 razy
  • Średni wynik to 94 z 433

Statystyki odpowiedzi

PBNarodowośćZawodnik% Poprawnych
251,5PolskaKamil Stoch
97%
239,5JaponiaJunshiro Kobayashi
94%
248PolskaPiotr Żyła
94%
252JaponiaRyoyu Kobayashi
94%
253,5AustriaStefan Kraft
94%
230,5PolskaAdam Małysz
92%
246SłoweniaCene Prevc
89%
245,5SłoweniaDomen Prevc
89%
250SłoweniaPeter Prevc
89%
252NorwegiaRobert Johansson
89%
236,5PolskaDawid Kubacki
86%
244,5PolskaMaciej Kot
86%
251,5NorwegiaAnders Fannemel
78%
214NorwegiaDaniel Forfang
78%
245,5NorwegiaJohann Andre Forfang
78%
248NiemcyMarkus Eisenbichler
78%
244,5NorwegiaHalvor Egner Granerud
75%
222SłoweniaJan Kus
72%
243JaponiaDaiki Ito
69%
243,5NorwegiaDaniel Andre Tande
69%
241,5JaponiaNoriaki Kasai
69%
245SłoweniaTimi Zajc
69%
245NiemcySeverin Freund
67%
243,5NiemcyKarl Geiger
64%
243NiemcyRichard Freitag
64%
244SłoweniaRobert Kranjec
64%
239,5SzwajcariaSimon Ammann
64%
244,5SłoweniaAnze Lanisek
61%
233,5FinlandiaJanne Ahonen
61%
203NiemcyVinzenz Geiger
61%
227NorwegiaAnders Bardal
58%
233AustriaAndreas Kofler
58%
245NiemcyAndreas Wellinger
58%
243,5AustriaGregor Schlierenzauer
58%
249NorwegiaAndreas Stjernen
56%
221,5PolskaKlemens Murańka
56%
232AustriaThomas Morgenstern
56%
202AustriaAlexander Haybock
53%
249,5SłoweniaAnze Semenić
53%
239NorwegiaBjorn Einar Romoren
53%
234NiemcyConstantin Schmid
53%
218CzechyJakub Janda
53%
246,5NorwegiaJohan Remen Evensen
53%
205NiemcyJulian Schmid
53%
244SłoweniaJurij Tepes
53%
244,5USAKevin Bickner
53%
245,5AustriaMichael Haybock
53%
205,5PolskaRobert Mateja
53%
221AustriaStefan Haybock
53%
236PolskaStefan Hula
53%
218NorwegiaTrond-Arild Evensen
53%
235,5PolskaAleksander Zniszczoł
50%
235PolskaAndrzej Stękała
50%
249,5SłoweniaBor Pavlovcić
50%
211SzwajcariaDominik Peter
50%
231SzwajcariaGregor Deschwanden
50%
216PolskaJan Ziobro
50%
228,5SłoweniaJernej Damjan
50%
216,5PolskaPaweł Wąsek
50%
240JaponiaTaku Takeuchi
50%
222SzwajcariaAndreas Kuttel
47%
225,5FinlandiaAntti Aalto
47%
207AustriaBjorn Koch
47%
237,5PolskaJakub Wolny
47%
240FinlandiaJanne Happonen
47%
219JaponiaKeiichi Sato
47%
209,5SzwajcariaKillian Peier
47%
224KanadaMackenzie Boyd-Clowes
47%
245,5NorwegiaMarius Lindvik
47%
241,5AustriaMartin Koch
47%
229CzechyRoman Koudelka
47%
226,5NiemcyStephan Leyhe
47%
220NiemcySven Hannawald
47%
242,5JaponiaYukiya Sato
47%
233,5RosjaDimitriy Vassiliev
44%
237RosjaEvgenii Klimov
44%
201SłoweniaGasper Bartol
44%
225,5FinlandiaHarri Olli
44%
206,5JaponiaKazuyoshi Funaki
44%
243AustriaManuel Fettner
44%
224NiemcyMartin Schmitt
44%
247,5SłoweniaTilen Bartol
44%
236CzechyAntonin Hajek
42%
224,5CzechyJan Matura
42%
248,5NorwegiaKenneth Gangnes
42%
207,5WłochyRoberto Cecon
42%
213,5AustriaWolfgang Loitzl
42%
232,5WłochyAlex Insam
39%
213SłoweniaJaka Hvala
39%
204FinlandiaJussi Hautamaki
39%
236SłoweniaLovro Kos
39%
217,5CzechyLukas Hlava
39%
235,5FinlandiaMatti Hautamaki
39%
234NiemcyPius Paschke
39%
212SłoweniaPrimoz Peterka
39%
223,5NorwegiaTom Hilde
39%
214BułgariaVladimir Zografski
39%
230,5NorwegiaAnders Jacobsen
36%
228EstoniaArtti Aigro
36%
236,5AustriaDaniel Tschofenig
36%
204,5WłochyDavide Bresadola
36%
201NorwegiaEspen Jacobsen
36%
228WłochyGiovanni Bresadola
36%
237JaponiaNaoki Nakamura
36%
217,5JaponiaTakanobu Okabe
36%
239SłoweniaZiga Jelar
36%
216,5AustriaClemens Aigner
33%
237AustriaDaniel Huber
33%
232RosjaDenis Kornilov
33%
240AustriaJan Horl
33%
203PolskaŁukasz Rutkowski
33%
201,5PolskaMateusz Rutkowski
33%
231NiemcyMichael Neumayer
33%
230,5NorwegiaRoar Ljokelsoy
33%
243NorwegiaRune Velta
33%
228AustriaStefan Huber
33%
224,5AustriaThomas Horl
33%
230,5FrancjaVincent Descombes Sevoie
33%
209,5TurcjaFatih Arda Ipcioglu
31%
222NiemcyMarinus Kraus
31%
233FinlandiaNiko Kytosaho
31%
224,5FinlandiaRisto Jussilainen
31%
221WłochySebastian Colloredo
31%
214FinlandiaVille Larinto
31%
231AustriaAndreas Widholzl
28%
216,5USACasey Larson
28%
215,5FrancjaEmmanuel Chedal
28%
226,5NiemcyMichael Uhrmann
28%
208Rosja [*]Pavel Karelin
28%
226SłoweniaRok Benkovic
28%
231NorwegiaTommy Ingebrigtsen
28%
225AustriaAndreas Goldberger
25%
219,5NiemcyAndreas Wank
25%
214,5FinlandiaAnssi Koivuranta
25%
207,5Korea Płd.Hueng Chul Choi
25%
216,5FinlandiaJarkko Maatta
25%
213EstoniaKaarel Nurmsalu
25%
201,5PolskaMarcin Bachleda
25%
222,5AustriaMartin Hollwarth
25%
233,5NorwegiaRobin Pedersen
25%
223JaponiaShohei Tochimoto
25%
228NorwegiaSigurd Pettersen
25%
216,5WłochyAndrea Morassi
22%
235NorwegiaBendik Jakobsen Heggli
22%
206,5AustriaClemens Leitner
22%
206CzechyFilip Sakala
22%
214,5AustriaFlorian Liegl
22%
208NorwegiaFredrik Villumstad
22%
225NiemcyGeorg Spath
22%
203,5FinlandiaJani Soininen
22%
202,5CzechyJan Mazoch
22%
202,5CzechyJaroslav Sakala
22%
212,5EstoniaKevin Maltsev
22%
204KanadaMatthew Soukup
22%
226FinlandiaOlli Muotka
22%
229AustriaPhilipp Aschenwald
22%
218,5SzwajcariaRemo Imhof
22%
208,5NiemcyStephan Hocke
22%
203FinlandiaToni Nieminen
22%
213,5UkrainaYevhen Marusiak
22%
221,5USAAlan Alborn
19%
211NiemcyDieter Thoma
19%
223,5FinlandiaEetu Nousiainen
19%
203JaponiaFumihisa Yumoto
19%
209SłoweniaJaka Rus
19%
210PolskaKrzysztof Miętus
19%
214AustriaLukas Muller
19%
224,5NiemcyMartin Hamann
19%
208RosjaMikhail Maksimochkin
19%
234,5RosjaMikhail Nazarov
19%
212,5TurcjaMuhammed Ali Bedir
19%
208SzwajcariaPascal Kalin
19%
212JaponiaRen Nikaido
19%
225SłoweniaRok Masle
19%
219AustriaRoland Muller
19%
237SzwajcariaSandro Hauswirth
19%
203,5AustriaStefan Horngacher
19%
225CzechyTomas Vancura
19%
225,5SłoweniaTomaz Naglic
19%
222CzechyViktor Polasek
19%
201,5CzechyVojtech Stursa
19%
216,5JaponiaYuta Watase
19%
204FinlandiaArttu Lappi
17%
226CzechyCestmir Kozisek
17%
204SłoweniaDamjan Fras
17%
212,5USADecker Dean
17%
204RosjaDimitriy Ipatov
17%
246SłoweniaErnest Priślić
17%
235NiemcyFelix Hoffmann
17%
213,5JaponiaHideharu Miyahira
17%
209,5FrancjaJason Lamy Chappuis
17%
205,5FinlandiaKalle Keituri
17%
216,5NorwegiaLars Bystol
17%
218AustriaMarkus Schiffner
17%
222,5NiemcyMaximilian Mechler
17%
208SłoweniaRok Justin
17%
225,5FinlandiaVeli-Matti Lindstrom
17%
207USAWilliam Rhoads
17%
203,5NiemcyAlexander Herr
14%
243,5NorwegiaBenjamin Ostvold
14%
202,5AustriaDaniel Lackner
14%
207RosjaDanil Sadreev
14%
212,5FrancjaDavid Lazzaroni
14%
202USAErik Belshaw
14%
210NorwegiaEspen Bredesen
14%
243NorwegiaJoachim Hauer
14%
232NorwegiaJoacim Odegaard Bjoreng
14%
201FrancjaJonathan Learoyd
14%
207,5NiemcyJustin Lisso
14%
203,5NorwegiaKim Rene Elverum Sorsell
14%
222,5NorwegiaKristoffer Eriksen Sundal
14%
204SzwajcariaLuca Egloff
14%
201,5SłoweniaMaksim Bartolj
14%
222,5AustriaManuel Poppinger
14%
209USAMichael Glasder
14%
224SłoweniaNejc Dezman
14%
210NorwegiaOle Marius Ingvaldsen
14%
208SłoweniaPrimoz Pikl
14%
233,5SłoweniaRok Oblak
14%
202,5RosjaRoman Sergeevich Trofimov
14%
241NorwegiaSondre Ringen
14%
221,5FinlandiaTami Kiuru
14%
212AustriaThomas Lackner
14%
235AustriaUlrich Wohlgenannt
14%
218SłoweniaZak Mogel
14%
213,5Norwegia/FinlandiaAkseli Kokkonen
11%
233NorwegiaAnders Hare
11%
224SłoweniaAndraz Pograjc
11%
221,5FinlandiaAndreas Alamommo
11%
213SzwajcariaAndreas Schuler
11%
208CzechyBorek Sedlak
11%
201NiemcyDavid Siegel
11%
223AustriaDavid Zauner
11%
234,5NorwegiaIver Olaussen
11%
201NiemcyJens Weissflog
11%
215SłoweniaJure Sinkovec
11%
206JaponiaKento Sakuyama
11%
201NiemcyLuca Roth
11%
212SłoweniaMatija Vidic
11%
236AustriaMaximilian Steiner
11%
208USANicholas Fairall
11%
208,5NorwegiaSindre Ulven Jorgensen
11%
227AustriaStefan Rainer
11%
224AustriaStefan Thurnbichler
11%
212,5AustriaThomas Hofer
11%
210AustriaThomas Thurnbichler
11%
223,5FinlandiaVille Kantee
11%
206,5AustriaArthur Pauli
8%
204SłoweniaBine Zupan
8%
203AustriaChristian Nagiller
8%
200USAClint Jones
8%
205RosjaIlja Rosliakov
8%
204RosjaIlya Mankov
8%
210SłoweniaJan Bombek
8%
200,5SłoweniaJernej Presecnik
8%
202SzwecjaJohan Erikson
8%
200JaponiaKazuya Yoshioka
8%
229,5SłoweniaMarcel Strzinar
8%
236SłoweniaMark Hafnar
8%
233,5AustriaMaximilian Lienher
8%
207,5FrancjaNicolas Dessum
8%
216,5NorwegiaOscar P. Westerheim
8%
225SłoweniaOzbe Zupan
8%
218,5NorwegiaPaal Haakon Bjortomt
8%
223,5AustriaPeter Resinger
8%
202AustriaReinhard Schwarzenberger
8%
210SłoweniaRobert Hrgota
8%
201NorwegiaThomas Aasen Markeng
8%
210NorwegiaVegard-Haukoe Sklett
8%
223NiemcyAdrian Sell
6%
228,5NorwegiaAdrian Thon Gundersrud
6%
212,5JaponiaAkira Higashi
6%
212,5RosjaAlexey Romashov
6%
200SzwecjaAndreas Aren
6%
216NorwegiaAndreas Granerud Buskum
6%
219NiemcyChristof Duffner
6%
207NiemcyErik Fuchs
6%
214,5AustriaFrancisco Morth
6%
223NorwegiaFredrik Bjerkeengen
6%
205,5SłoweniaGoran Janus
6%
208SzwajcariaGuido Landert
6%
205NiemcyHansjorg Jakle
6%
207,5SzwecjaIsak Grimholm
6%
210NorwegiaIver Myhre
6%
240NorwegiaJarl Magnus Riiber
6%
228,5NorwegiaJohannes Aardal
6%
219NorwegiaJon Aaraas
6%
207AustriaKarl-Heinz Dorner
6%
216NiemcyKillian Markl
6%
204,5NorwegiaKristian Brenden
6%
212NorwegiaLasse Ottesen
6%
214AustriaMarco Worgotter
6%
233,5AustriaMarkus Rupitsch
6%
210SłoweniaMatjaz Pungertar
6%
201,5NorwegiaMats Bjerke Myhren
6%
200NiemcyMaximilian Kaiser
6%
203,5Szwajcaria/NiemcyMichael Molinger
6%
202SłoweniaMiran Zupancic
6%
211,5NiemcyMoritz Baer
6%
205FrancjaNicolas Jean-Prost
6%
202,5AustriaNiklas Bachlinger
6%
214NorwegiaOlav Magne Donnem
6%
200SłoweniaPatrik Vitez
6%
201,5FinlandiaPekka Salminen
6%
209,5NorwegiaPhillip Sjoen
6%
218NorwegiaSander Vossan Eriksen
6%
203NorwegiaSimen Key Grimsrud
6%
216NorwegiaSolve Jokerud Strand
6%
200,5NorwegiaSondre Myhre
6%
204NorwegiaTom Age Aarnes
6%
207NorwegiaTore Sneli
6%
200USAAJ Brown
3%
218SłoweniaAles Hlebanja
3%
212SłoweniaAljaz Osterc
3%
211SłoweniaAljaz Vodan
3%
221NorwegiaAnders Ladehaug
3%
213SłoweniaAndraz Modic
3%
206NorwegiaAndreas Varsi Breivik
3%
220,5NorwegiaAndreas Vilberg
3%
211SłoweniaAnze Lavtizar
3%
216,5AustriaBalthasar Schneider
3%
212NorwegiaBendik Netland Hulloeen
3%
203SłoweniaBenjamin Podobnik
3%
206AustriaBernhard Gruber
3%
200AustriaBernhard Metzler
3%
206NorwegiaBjorn Einar Hagemon
3%
231SłoweniaBlaz Pavlic
3%
220,5NorwegiaBorge Gelein Blikeng
3%
208SłoweniaBranko Iskra
3%
202,5NorwegiaChristoffer Nygaard
3%
201AustriaChristoph Huter
3%
207AustriaDaniel Keil
3%
201NiemcyDaniel Nigl
3%
209,5NorwegiaDavid Andersen
3%
202AustriaDavid Fallmann
3%
205NiemcyDirk Else
3%
206,5NorwegiaEivind Hugaas
3%
205AustriaElia Ernst
3%
235AustriaElias Medwed
3%
200,5NiemcyErik Simon
3%
209,5NorwegiaErik Ulimon
3%
216NorwegiaEspen Enger Halvorsen
3%
226NorwegiaEspen Roee
3%
219NorwegiaEven Waalen Osterhaug
3%
229AustriaFabian Steindl
3%
213NiemcyFerdinand Bader
3%
204AustriaFlorian Gugg
3%
200NiemcyFlorian Horst
3%
223SłoweniaGasper Brecl
3%
201SłoweniaGorazd Robnik
3%
203,5SłoweniaGrega Lang
3%
209NorwegiaHaakon Helgesen
3%
210NorwegiaHaavard Klemetsen
3%
226,5NorwegiaHenning Stensrud
3%
206SłoweniaIgor Medved
3%
201CzechyJakub Jiroutek
3%
203CzechyJan Balcar
3%
201NorwegiaJens Luraas Oftebro
3%
204NorwegiaJoakim Aune
3%
204NiemcyJohannes Rydzek
3%
201NorwegiaJonas Bratlien
3%
207NorwegiaJonas Gropen Sogard
3%
208NorwegiaJonas-Sloth Sandell
3%
205,5NorwegiaJonas Viken
3%
214,5NorwegiaJorgen Madsen
3%
207NiemcyJorg Ritzerfeld
3%
211NorwegiaJostein Smedbye
3%
213SłoweniaJost Susnik
3%
201,5FinlandiaJouni Kaitainen
3%
201,5AustriaJulian Wienerroither
3%
206NiemcyKai Bracht
3%
209FinlandiaKimmo Yliriesto
3%
212NorwegiaKim-Roar Hansen
3%
211NorwegiaKjell Erik Sagbakken
3%
205NorwegiaKjell-Jonny Hagen
3%
221NorwegiaLars Brodshaug Berger
3%
200SłoweniaLeon Sarc
3%
227,5NiemcyManuel Faisst
3%
216SłoweniaMarcel Rep
3%
218,5NorwegiaMarius Aas Hast
3%
201,5AustriaMarkus Eigentler
3%
202SłoweniaMatej Dobovsek
3%
200SłoweniaMatej Likar
3%
207SłoweniaMatevz Samec
3%
209SłoweniaMatevz Sparovec
3%
214,5NorwegiaMatias Braathen
3%
201SłoweniaMatic Garbajs
3%
211SłoweniaMatic Hladnik
3%
228SłoweniaMatic Kramarsic
3%
201AustriaMatija Druml
3%
202,5NorwegiaMats Konterud Sagbakken
3%
202NiemcyMatthias Mehringer
3%
212FrancjaMaxime Laheurte
3%
221AustriaMaximilian Schmalnauer
3%
200SłoweniaMedard Brezovnik
3%
217SłoweniaMiha Kveder
3%
201SłoweniaMilan Zivic
3%
205,5AustriaNaim Stanfel
3%
211SłoweniaNejc Toporis
3%
209SłoweniaNik Fabijan
3%
210,5NorwegiaOle Christen Enger
3%
202NorwegiaOle Kristian Baarset
3%
209,5NorwegiaOle Mathis Nedrejord
3%
206NorwegiaOle Ostbakken
3%
206,5FinlandiaOlli Pekkala
3%
201AustriaReinhard Eberl
3%
213NorwegiaRichard Haukedal
3%
230,5NorwegiaRichard Selbekk-Hansen
3%
205SłoweniaRok Juvancic
3%
219SłoweniaRok Mandl
3%
215SłoweniaRok Tarman
3%
205SłoweniaRozle Zagar
3%
204WłochySamuel Costa
3%
215NorwegiaSigmund Hagehaugen
3%
236,5NorwegiaSigurd Nymon Soberg
3%
208NorwegiaSimen Kvarstad
3%
224NorwegiaSimen Tiller
3%
202AustriaStefan Becker
3%
208NiemcyStefan Pieper
3%
214AustriaTerence Weber
3%
211NorwegiaTerje Nyhus
3%
201,5NorwegiaThomas Lobben
3%
201NiemcyTobias Bogner
3%
217NorwegiaTommy Lianes
3%
217,5NorwegiaTord Markussen Hammer
3%
200SłoweniaUrban Remic
3%
216NorwegiaVegard Swensen
3%
219SłoweniaVid Vrhovnik
3%
213AustriaWilhelm Denifl
3%
209AustriaDavid Trischter
0%
203,5NorwegiaJesper Nilsen Ingebrigtsvoli
0%
220NorwegiaJo Romme Mallingsater
0%
226,5NorwegiaKenneth Henningsmo Fredheim
0%

Rozkład punktacji

Percentyl według liczby udzielonych odpowiedzi

Procent ludzi z każdym wynikiem

Twoja historia wyników

Nie rozwiązałeś tego quizu